000 00544nam a2200229Ia 4500
003 OSt
005 20220928143533.0
006 a|||||r|||| 00| 0
007 ta
008 220927b |||||||| |||| 00| 0 eng d
024 _a22449
037 _cTextual
040 _aSDCL
_cSDCL
_beng
041 _2eng
_aeng
082 _aC21, L4
100 _aKittel Charles
245 0 _aIntroduction to solid state physics.
250 _a4
260 _c1974
942 _hC21, L4
_cTEXL
_2CC
999 _c824442
_d824442